[Event "CHN-chB (Women)"]
[Site "Hangzhou"]
[Date "2019.07.03"]
[Round "4"]
[White "Li, Lewei"]
[Black "Zhou, Shumeng"]
[Result "1-0"]
[WhiteElo "1618"]
[BlackElo "1282"]
[PlyCount "77"]
[EventDate "2019.07.02"]
[EventType "swiss"]
[EventRounds "11"]
[EventCountry "CHN"]
[SourceTitle "CBM 191 Extra"]
[Source "ChessBase"]
[SourceDate "2019.09.30"]
[SourceVersion "1"]
[SourceVersionDate "2019.09.30"]
[SourceQuality "1"]

1. d4 d5 2. c4 e6 3. g3 Nf6 4. Nf3 Bb4+ 5. Bd2 Be7 6. Bg2 0-0 7. Qc2 dxc4 8. Qxc4 Nc6 9. Nc3 Nb4 10. 0-0 c6 11. e4 Na6 12. Rfd1 Bd7 13. Ne5 Qc7 14. Bf4 Bd6 15. Nxd7 Nxd7 16. Bxd6 Qxd6 17. d5 Nb6 18. Qe2 exd5 19. exd5 cxd5 20. Nxd5 Nxd5 21. Rxd5 Qb6 22. Rb5 Qf6 23. Bxb7 Rab8 24. Rc1 Rbe8 25. Qf3 Qxf3 26. Bxf3 g6 27. Rb7 Rc8 28. Rxc8 Rxc8 29. Rxa7 Nc5 30. Bd5 Ne6 31. Bxe6 fxe6 32. b4 Rc1+ 33. Kg2 Rb1 34. a3 Rb3 35. Kf1 h6 36. Ke2 Kf8 37. Kd2 Rb2+ 38. Kc3 Rxf2 39. b5 1-0

[Event "CHN-chN (Women)"]
[Site "Jiangmen"]
[Date "2018.07.18"]
[Round "1"]
[White "Song, Yuxin"]
[Black "Li, Lewei"]
[Result "1-0"]
[WhiteElo "2177"]
[BlackElo "1489"]
[PlyCount "99"]
[EventDate "2018.07.18"]
[EventType "swiss"]
[EventRounds "11"]
[EventCountry "CHN"]
[SourceTitle "CBM 185 Extra"]
[Source "ChessBase"]
[SourceDate "2018.07.29"]
[SourceVersion "1"]
[SourceVersionDate "2018.07.29"]
[SourceQuality "1"]

1. e4 c5 2. Nf3 d6 3. Bb5+ Bd7 4. Bxd7+ Nxd7 5. 0-0 Ngf6 6. Qe2 e6 7. b3 Be7 8. Bb2 0-0 9. c4 Nh5 10. d4 Bf6 11. e5 dxe5 12. dxe5 Bg5 13. Qe4 Rb8 14. Qg4 Nf4 15. Nxg5 Nd3 16. Bc3 N3xe5 17. Bxe5 Nxe5 18. Qh5 h6 19. Nxe6 fxe6 20. Qxe5 Qe7 21. Nc3 Rbd8 22. Rad1 Rde8 23. Qd6 Qh4 24. Qxc5 b6 25. Qe3 Rf5 26. Nb5 Rh5 27. h3 Qe7 28. Rd3 e5 29. Rfd1 a6 30. Rd7 Qf6 31. Nc7 Rf8 32. Nd5 Qh4 33. Ne7+ Kh7 34. g4 Qg5 35. Qg3 Rh4 36. Nf5 Rxh3 37. Qxh3 Rxf5 38. Qh5 Qxh5 39. gxh5 Rxh5 40. R1d6 Rg5+ 41. Kf1 h5 42. Rxb6 h4 43. Rxa6 h3 44. Rd3 Rh5 45. Kg1 e4 46. Re3 h2+ 47. Kh1 Rh4 48. Re6 g5 49. c5 g4 50. R3xe4 1-0